|
|
|
|
| LEADER |
00000naa2a2200000 4500 |
| 001 |
394090 |
| 005 |
20231101064451.0 |
| 035 |
|
|
|a (RuTPU)RU\TPU\prd\30592
|
| 090 |
|
|
|a 394090
|
| 100 |
|
|
|a 20041201a2004 k y0rusy50 ca
|
| 101 |
0 |
|
|a rus
|
| 102 |
|
|
|a RU
|
| 200 |
1 |
|
|a Образование производственных отходов в жизненном цикле дороги
|f С. М. Найман
|
| 225 |
1 |
|
|a Анализ. Методики. Прогнозы
|
| 320 |
|
|
|a Библиогр.: 2 назв.
|
| 461 |
|
1 |
|0 (RuTPU)RU\TPU\prd\1141
|t Экология и промышленность России
|o ежемесячный общественный научно-технический журнал
|d 2001-
|
| 463 |
|
1 |
|0 (RuTPU)RU\TPU\prd\28154
|t № 8
|v С. 35-39
|d 2004
|
| 610 |
1 |
|
|a отходы
|
| 610 |
1 |
|
|a производственные отходы
|
| 610 |
1 |
|
|a дороги
|
| 610 |
1 |
|
|a дорожная сеть
|
| 610 |
1 |
|
|a автомобильный транспорт
|
| 610 |
1 |
|
|a автотранспортные предприятия
|
| 610 |
1 |
|
|a экология
|
| 610 |
1 |
|
|a природоохранные мероприятия
|
| 700 |
|
1 |
|a Найман
|b С. М.
|
| 801 |
|
1 |
|a RU
|b 63413507
|c 20041201
|g PSBO
|
| 942 |
|
|
|c BK
|